UM Logo
Normal view MARC view
  • Beleno, Ramon.

Entry Personal Name

Number of records used in: 2

001 - CONTROL NUMBER

  • control field: 31192

003 - CONTROL NUMBER IDENTIFIER

  • control field: OSt

005 - DATE AND TIME OF LATEST TRANSACTION

  • control field: 20241008110311.0

008 - FIXED-LENGTH DATA ELEMENTS

  • fixed length control field: 180917|| aca||aabn | a|a d

040 ## - CATALOGING SOURCE

  • Original cataloging agency: OSt
  • Transcribing agency: OSt

100 ## - HEADING--PERSONAL NAME

  • Personal name: Beleno, Ramon.
  • Dates associated with a name: III

670 ## - SOURCE DATA FOUND

  • Source citation: Work cat.: (OSt): McNamara, Daniel Joseph 31188, Science, technology and society/, ©2018.